| 000 | 00407nam a22001217a 4500 | ||
|---|---|---|---|
| 005 | 20260629120308.0 | ||
| 100 |
_aSundas Tasleem _a21-MSIT-28 _aSupervisor - Dr. Mehwish Leghari _91023 |
||
| 245 | _afake NEWS Detection on X Twitter Using Machine Learning Techniques ( Thesis MS) | ||
| 260 |
_aNawabshah _bQUEST _c2025 |
||
| 300 | _a92p. | ||
| 700 |
_aDepartment of Information Technology _9954 |
||
| 942 | _cTHESIS | ||
| 999 |
_c69081 _d69078 |
||